000 01152nam a2200385 i 4500
999 _c435
_d435
001 019512636
003 UkOxU
005 20190814144233.0
008 130115s2013 enkab 001 0 eng d
015 _aGBB305200
_2bnb
020 _a9780192733580 (pbk.)
035 _a(Uk)016256145
035 _a(StEdALDL)1/2942895
040 _aStDuBDS
_beng
_erda
_cStDuBDS
_dUkOxU
049 _aCROBAR
082 0 4 _a503 PRE
_223
100 1 _aPrescott, Chris,
_eauthor.
245 1 0 _aOxford student's science dictionary /
_cChris Prescott.
246 3 0 _aStudy science dictionary
250 _aNew edition.
264 1 _aOxford :
_bOxford University Press,
_c2013.
264 4 _c©2013
300 _axxvi, 261 pages :
_billustrations (black and white), maps (black and white) ;
_c24 cm
336 _atext
_2rdacontent
336 _astill image
_2rdacontent
337 _aunmediated
_2rdamedia
338 _avolume
_2rdacarrier
500 _aPrevious edition: 2008.
500 _aIncludes index.
650 0 _aScience
_vDictionaries.
942 _2ddc
_cREF
980 _g1
_f1/2942895
981 _dAgency file oxf2013-21.1